00445 a2200157 4500001000700000020000600007040001100013100003200024240004100056245003600097362000900133697001700142942000700159952010200166999001900268172034 a  cMagnum aFerreira Neto, Edgard Leite10aOs partidos politicos no brasillpor10aOs partidos politicos no brasil0 a1899 aPARADIDATICO cBK 00104070a32.5b32.5d2024-06-08l0oLI.00733pMAG00018217r2024-06-08 20:44:56w2024-06-08yBK c172034d172034